000 01207cam a2200253 4500
001 ABS68878
008 050318n2005 000 0 eng u
035 _a(Sirsi) u129108
100 _aAndrew, A.
245 _aExisting use value for social housing
260 _c2005
490 _aProperty Management
_v23(1) 2005, 10-21(12)
520 _aPaper examines the provisions in "RICS appraisal and valuation standards" (ISBN 1842191233) for property professionals involved in the use of the definition of Existing Use Value for Social Housing (EUV-SH) and the Tenanted Market Value (TMV) basis set out in guidelines for Scottish local authorities. Reports that there is scope for RICS to engage with public sector clients to rationalise the terminology in this field and settle on an agreed title of EUV-SH or TMV. [Taken from journal abstract].
590 _aABS
650 _aSOCIAL HOUSING
650 _aRICS appraisal and valuation standards
650 _aEXISTING USE VALUE
650 _aTENANTED MARKET VALUE
650 _aSCOTLAND
650 _aRENTAL VALUE
690 _aPROPERTY-RESIDENTIAL PROPERTY-RESIDENTIAL PROPERTY APPRAISAL AND VALUATION
700 _aPitt, M.
942 _n0
999 _c74949
_d74949